A history of Christianity in Indonesia (Record no. 23357)
[ view plain ]
| 000 -LEADER | |
|---|---|
| fixed length control field | 01847cam a2200193 a 4500 |
| 020 ## - INTERNATIONAL STANDARD BOOK NUMBER | |
| ISBN | 9789004170261 (hardback : alk. paper) |
| 020 ## - INTERNATIONAL STANDARD BOOK NUMBER | |
| ISBN | 900417026X (hardback : alk. paper) |
| 082 ## - DEWEY DECIMAL CLASSIFICATION NUMBER | |
| Classification number | 275.98 |
| Author Cutter | STE |
| 245 02 - TITLE STATEMENT | |
| Title | A history of Christianity in Indonesia |
| 260 ## - PUBLICATION, DISTRIBUTION, ETC. (IMPRINT) | |
| Place of publication | Leiden ; |
| -- | Boston ; |
| Name of publisher | Brill, |
| Year of publication | 2008. |
| 300 ## - PHYSICAL DESCRIPTION | |
| Number of Pages | xvi, 1004 p. : |
| Other physical details | ill. ; |
| 490 1# - SERIES STATEMENT | |
| Series statement | Studies in Christian mission, |
| 505 0# - FORMATTED CONTENTS NOTE | |
| Formatted contents note | Pt. 1. The first Christians : until 1800. Christianity in pre-colonial Indonesia -- 1530-1670 : a race between Islam and Christianity? -- Catholic converts in the Moluccas, Minahasa and Sangihe-Talaud, 1512-1680 -- The Solor-Timor mission of the Dominicans 1562-1800 -- The arrival of Protestantism and the consolidation of Christiantiy in the Moluccas 1605-1800 -- Pt. 2. 1800-2005 : chronological and regional surveys. 1800-2005 : a national overview -- Old and new Christianity in the southeastern islands -- Christianity in Papua -- Moluccan Christianity in the 19th and 20th century between Agama Ambon and Islam -- How Christianity obtained a central position in Minahasa culture and society -- Christianity in central and southern Sulawesi -- Kalimantan or Indonesian Borneo -- The sharp contrasts of Sumatra -- Christianity in Javanese culture and society -- A small Christian flock in Bali -- Pt. 3. Issues of national concern. Theological thinking by Indonesian Christians, 1850-2000 -- The ecumenical movement in Indonesia with special attention to the National Council of Churches -- The spectacular growth of the third stream : the Evangelicals and Pentecostals -- Chinese Christian communities in Indonesia -- Christian art in Indonesia -- Christian media. |
| 856 41 - ELECTRONIC LOCATION AND ACCESS | |
| Uniform Resource Identifier | http://www.loc.gov/catdir/toc/ecip0824/2008031321.html |
| 942 ## - ADDED ENTRY ELEMENTS (KOHA) | |
| Koha item type | Books |
| 700 1# - | |
| -- | Aritonang, Jan S. |
| 700 1# - | |
| -- | Steenbrink, Karel A. |
| Home library | Current library | Shelving location | Date acquired | Source of acquisition | Full call number | Accession Number | Koha item type |
|---|---|---|---|---|---|---|---|
| Henry Martyn Institute Library | Henry Martyn Institute Library | General stacks | 09/08/2023 | Netherlands | 275.98 STE | 11-4747 | Books |
